Assessing anti-flood devices (Record no. 69238)

MARC details
000 -LEADER
fixed length control field 00904cam a2200217 4500
001 - CONTROL NUMBER
control field WB3801-26
008 - FIXED-LENGTH DATA ELEMENTS--GENERAL INFORMATION
fixed length control field 020109n2002 000 0 eng u
035 ## - SYSTEM CONTROL NUMBER
System control number (Sirsi) u116218
245 ## - TITLE STATEMENT
Title Assessing anti-flood devices
260 ## - PUBLICATION, DISTRIBUTION, ETC.
Date of publication, distribution, etc. 2002
490 ## - SERIES STATEMENT
Series statement BRE Press Release
Volume/sequential designation 19 December 2001, (1)
520 ## - SUMMARY, ETC.
Summary, etc. Schemes for assessing devices designed to prevent floodwater entering buildings are now available from BRE Certification Ltd. The scheme will enable building and property insurers to determine flood damage risk based on the use of approved devices for anti-flooding protection. For details about the scheme T: +44 (0) 1923 664100; or visit: http://www.brecertification.co.uk
590 ## - LOCAL NOTE (RLIN)
Local note WB
650 ## - SUBJECT ADDED ENTRY--TOPICAL TERM
Topical term or geographic name entry element BRE
650 ## - SUBJECT ADDED ENTRY--TOPICAL TERM
Topical term or geographic name entry element FLOODING
650 ## - SUBJECT ADDED ENTRY--TOPICAL TERM
Topical term or geographic name entry element FLOOD PREVENTION
650 ## - SUBJECT ADDED ENTRY--TOPICAL TERM
Topical term or geographic name entry element ASSESSMENTS
650 ## - SUBJECT ADDED ENTRY--TOPICAL TERM
Topical term or geographic name entry element Environment
9 (RLIN) 6238
690 ## - LOCAL SUBJECT ADDED ENTRY--TOPICAL TERM (OCLC, RLIN)
Topical term or geographic name as entry element MANAGEMENT-FACILITIES MANAGEMENT
942 ## - ADDED ENTRY ELEMENTS (KOHA)
Suppress in OPAC 0
Holdings
Withdrawn status Lost status Source of classification or shelving scheme Damaged status Not for loan Home library Current library Shelving location Date acquired Total Checkouts Full call number Barcode Date last seen Copy number Price effective from Koha item type
    Dewey Decimal Classification     London London News article 09/01/2002   WB3801-26 116218-1001 06/08/2019 1 06/08/2019 News article